Phân lập và kiểm tra tính nhạy cảm đối với khánh sinh của vi khuẩn Escherichia Coli gây viêm vú trên đàn bò sữa nuôi tập trung tại thành phố Cần Thơ

Đề tài "Phân lập và kiểm tra tính nhạy vảm đối với kháng sinh của vi khuẩn Escherichia coli gây viêm vú trên đàn bò sữa tập trung tại thành phố Cần Thơ nhằm nâng cao năng suất, chất lượng sữa và kiểm soát đựoc bệnh viêm vú, xác định...

Volledige beschrijving

Bewaard in:
Bibliografische gegevens
Hoofdauteur: Lý, Thị Liên Khai
Formaat: Boek
Taal:Undetermined
Gepubliceerd in: Cần Thơ Trường Đại học Cần Thơ 2009
Onderwerpen:
Tags: Voeg label toe
Geen labels, Wees de eerste die dit record labelt!
Thư viện lưu trữ: Trung tâm Học liệu Trường Đại học Cần Thơ
LEADER 01511nam a2200229Ia 4500
001 CTU_165173
008 210402s9999 xx 000 0 und d
082 |a 636.207 
082 |b Kh103 
088 |a T2008-06 
100 |a Lý, Thị Liên Khai 
245 0 |a Phân lập và kiểm tra tính nhạy cảm đối với khánh sinh của vi khuẩn Escherichia Coli gây viêm vú trên đàn bò sữa nuôi tập trung tại thành phố Cần Thơ 
245 0 |c Chủ nhiệm Lý Thị Liên Khai ; Trần Thị Phận, Trần Minh Trí, Nguyễn Thị Thu Thảo, Hồ Xuân Ngân 
260 |a Cần Thơ 
260 |b Trường Đại học Cần Thơ 
260 |c 2009 
520 |a Đề tài "Phân lập và kiểm tra tính nhạy vảm đối với kháng sinh của vi khuẩn Escherichia coli gây viêm vú trên đàn bò sữa tập trung tại thành phố Cần Thơ nhằm nâng cao năng suất, chất lượng sữa và kiểm soát đựoc bệnh viêm vú, xác định loại kháng sinh nhạy cảm và dùng điều trị thích hợp và hiệu quả là rất quan trọng. 
650 |a Cattle,Gia súc lớn,Cattle,Gia súc lớn 
650 |x Livestock,Chăn nuôi,Disease,Những bệnh trên động vật 
904 |i Bích Lam, Trong Hieu 
915 |a NN 
980 |a Trung tâm Học liệu Trường Đại học Cần Thơ